000 00530nam a2200181 i 4500
001 75853
003 ES-MaACL
005 20250828040953.0
007 t|
008 040928s1919 xxu ||||1| eng d
100 1 _aGraves, Frank Pierrepont.
_959779
245 1 2 _aA history of education in modern times /
_cFrank Pierrepont Graves.
260 _aNew York :
_bMacmillan and Cº,
_c1919.
300 _aXV, 416 p. ;
_c19 cm.
650 7 _aEducación-
_vHistoria
_2
_9143620
852 _aES-MaACL
_jF-8268
999 _c75853
_d75853